000 00585nam a2200229Ia 4500
003 OSt
005 20220924150709.0
006 a|||||r|||| 00| 0
007 ta
008 220923b |||||||| |||| 00| 0 tel d
024 _a334208
037 _cTextual
040 _aARTS
_cARTS
_btel
041 _2tel
_atel
082 _aO35,2NBU,1, J2
100 _aKatakrishna Buchchiven
_9222699
245 0 _aViplabam
260 _c1952
650 _aTELUGU DRAMA
_9173432
942 _hO35,2NBU,1, J2
_cTEXL
_2CC
999 _c464186
_d464186